| 000 | 01085nam a22003137a 4500 | ||
|---|---|---|---|
| 001 | 37206 | ||
| 003 | BD-RjUL | ||
| 005 | 20211209052605.0 | ||
| 008 | 030819s2002 maua 000 0 eng d | ||
| 020 | _a 0072498889 | ||
| 020 | _a0072564814 (set) | ||
| 020 | _a0072489529 (workbook : alk. paper) | ||
| 020 | _a0072489480 (CD) | ||
| 035 | _a(OCoLC)ocm52868992 | ||
| 040 |
_aHUA _cHUA _dDLC _dBD-RjUL _beng |
||
| 041 | _aeng | ||
| 082 | 0 | 0 |
_a590 _222 _bHOD 2002 |
| 100 | 1 |
_aHouseman, Jon G., _d1954- _9113918 |
|
| 245 | 1 | 0 |
_aDigital zoology version 2.0 : _bCD-ROM and student workbook / _cJon G. Houseman. |
| 260 |
_aBoston : _bMcGraw-Hill, _cc2003. |
||
| 300 |
_axxi, 200 p. : _bill. ; _c26 cm. + |
||
| 650 | 0 |
_aZoology _xComputer-assisted instruction. _9113919 |
|
| 650 | 0 |
_aZoology _vProblems, exercises, etc. _9113920 |
|
| 856 | 4 | 1 |
_3Table of contents _uhttp://www.loc.gov/catdir/toc/mh041/2003274937.html |
| 856 | 4 | 2 |
_3Publisher description _uhttp://www.loc.gov/catdir/description/mh041/2003274937.html |
| 942 |
_2ddc _cBK |
||
| 999 |
_c37206 _d37206 |
||